000 00788nam a2200253 a 4500
001 000001800
005 20250603103845.0
008 090629s1974 es 001 0 spa d
020 _a8470850547
040 _aDO-SdBNP
_bspa
_cBNPHU
082 _a657.48
_bR621c, 1974
100 1 _aRivero Romero, José
_95845
245 1 0 _aContabilidad financiera /
_cJosé Rivero Romero.
250 _a2a. ed
260 _aMadrid, :
_bEdiciones ICE,
_c1974.
300 _a492 p. ;
_c24 cm.
490 1 _aCibernos
490 1 _aBiblioteca de Ciencias Empresariales
500 _aIncluye índice
504 _aIncluye referencias bibliográficas y notas al pie de las páginas
650 0 _aContabilidad
_95846
830 0 _aCibernos
_95847
830 0 _aBiblioteca de Ciencias Empresariales
_95848
999 _c1677
_d1677